El Petit Princep / Antoine de Saint-Exupéry ; amb els dibuixos de l'autor ; traductor: Joan Xancó Joan Xancó
Descripción Física:
93 p. : il. ; 22 cm
Otros Autores:
Xancó, Joan, tr
MARC
| LEADER | 00000nam a2200000Ia 4500 | ||
|---|---|---|---|
| 001 | 12527 | ||
| 008 | 160829s1959 xx 000 0 cat d | ||
| 080 | |a L-1-72 | ||
| 100 | |a Saint-Exupéry, Antoine de |9 28370 | ||
| 245 | |a El Petit Princep / Antoine de Saint-Exupéry ; amb els dibuixos de l'autor ; traductor: |b Joan Xancó | ||
| 260 | |a Barcelona : |b Estela, |c 1959 | ||
| 300 | |a 93 p. : |b il. ; |c 22 cm | ||
| 590 | |a Aquest llibre prové del fons documental de la Xarxa de Biblioteques Populars | ||
| 700 | |a Xancó, Joan, tr. |9 28371 | ||
| 901 | |a Arxiu | ||
| 942 | |n 1 | ||
| 952 | |0 0 |1 0 |4 0 |6 L172 |7 1 |9 44798 |a Arxiu |b Arxiu |d 2016-12-01 |l 0 |o L-1-72 |p 12527 |r 2016-12-01 00:00:00 |w 2016-12-01 |y ARXIU | ||
| 999 | |c 47382 |d 47382 | ||